|
|
|
|
| LEADER |
00000nab a2200000 ar4500 |
| 001 |
vtls010034016 |
| 003 |
SK-MaSNL |
| 005 |
20260318122240.0 |
| 008 |
091221c2007 xo ar|p|||| |000 c|ukr |
| 015 |
|
|
|a SNBRA2009/12
|
| 038 |
|
|
|a SVKPOCL
|
| 040 |
|
|
|a SVKPO
|b slo
|c SVKPO
|e AACR2
|
| 041 |
0 |
|
|a ukr
|b eng
|
| 044 |
|
|
|a xo
|c SK
|
| 080 |
|
|
|a 80(=161.2)+908(477)
|2 2001
|
| 080 |
|
|
|a 821.162.4
|2 2001
|
| 080 |
|
|
|a 821.16
|2 2001
|
| 100 |
1 |
|
|a Roman, Michal,
|d 1930-
|4 aut
|9 90937
|
| 245 |
1 |
0 |
|a Dmytro Čyževs'kyj i slovac'ka literatura
|c Mychajlo Roman
|
| 504 |
|
|
|a Bibliogr. odkazy
|
| 546 |
|
|
|a Anglické resumé
|
| 600 |
1 |
7 |
|a Čyževskyj, Dmytro Ivanovyč,
|d 1894-1977
|2 svkpocl
|9 121684
|
| 611 |
2 |
7 |
|a Slovensko-ukrajinské vzťahy v oblasti histórie, kultúry, jazyka a literatúry
|g konferencia
|d (2006 :
|c Svidník, Slovensko)
|2 snkbucl
|9 1036186
|
| 648 |
|
7 |
|a 23.-24.6.2006
|2 svkpocl
|9 1036187
|
| 650 |
0 |
7 |
|a ukrajinistika
|2 svkpocl
|9 51200
|
| 650 |
0 |
7 |
|a slovenská literatúra
|2 svkpocl
|9 1115
|
| 650 |
0 |
7 |
|a slovanské literatúry
|2 svkpocl
|9 3630
|
| 651 |
|
7 |
|a Slovensko
|2 svkpocl
|9 14231
|
| 655 |
|
7 |
|a štúdie
|2 svkpocl
|9 57033
|
| 655 |
|
7 |
|a analýzy
|2 svkpocl
|9 22242
|
| 773 |
0 |
|
|t Naukovyj zbirnyk Muzeju ukrajins'koji kul'tury u Svydnyku. 24. = Vedecký zborník Múzea ukrajinskej kultúry vo Svidníku. 24.
|d Bratislava : Múzeum ukrajinskej kultúry vo Svidníku, 2007
|g S. 365-370
|z 9788096959259
|
| 852 |
|
|
|a SVKPO
|b KIS3GCP
|
| 958 |
|
|
|a UK
|
| 958 |
|
|
|a SK
|
| 958 |
|
|
|a NB
|
| 958 |
|
|
|a LX
|
| 999 |
|
|
|c 3020713
|d 3022643
|